00292 a2200097 4500082002000000100001500020245008800035260004100123300001800164650001200182 a954.9120521 BAN aBanerjee,M aThe Pathan Unarmed : opposition and memory in the north west frontier /cM.Banerjee aUK :cOxford university press,b2000 a238p. :c25cm ahistory